000 01130cam a2200253 4500
001 ABS66360
008 030207n2003 000 0 eng u
035 _a(Sirsi) u121298
100 _aMcClea, N.
245 _aBeyond the shadow of a doubt
260 _c2003
490 _aEstates Gazette
_v(0302) 11 January 2003, 98-100(3)
520 _aSuggests that Active Estates Ltd v Parness and another" (ChD Abs65961) highlights defects in current practice in drafting guarantee provisions in leases concerning disclaimers and forfeiture. Discusses "Hindcastle Ltd v Barbara Attenborough Associates Ltd" (HL Abs54763) the leading authority on disclaimers of leases. Reviews the position on forfeiture, surrender of leases and what happens when the tenant ceases to exist as a legal entity.
590 _aABS
650 _aACTIVE ESTATES LTD V PARNESS AND ANOTHER
650 _aSTANDARD LEASES
650 _aGUARANTEES
650 _aDISCLAIMERS
650 _aFORFEITURE
650 _aHINDCASTLE LTD V BARBARA ATTENBOROUGH ASSOCIATES LTD
690 _aPROPERTY-LANDLORD AND TENANT
700 _aMartin, J.
942 _n0
999 _c72088
_d72088